000 00506nam a2200205Ia 4500
005 20251020182515.0
008 200515s9999 xx 000 0 und d
082 _a658.56.1/I59
245 0 _aLa organización inteligente
260 _aLima
260 _c1994
300 _aInstituto Peruano de Administración de Empresas
500 _a1 ejemplar
650 _aADMINISTRACION DE EMPRESAS
650 _aBENCHMARKING
650 _aGERENCIA
650 _aLIB
650 _aMARKETING
942 _cLIB
999 _c1551
_d1551